Karen's new year / (Record no. 992)

MARC details
000 -LEADER
fixed length control field 01314cam a22003253a 4500
005 - DATE AND TIME OF LATEST TRANSACTION
control field 20240126082116.0
020 ## - INTERNATIONAL STANDARD BOOK NUMBER
International Standard Book Number 078073002757
040 ## - CATALOGING SOURCE
Original cataloging agency OCO
Language of cataloging eng
Transcribing agency OCO
Modifying agency DVA
-- OCL
-- OCLCQ
-- MUS
-- OCLCQ
-- BTCTA
-- XP#
-- BAKER
-- YDXCP
-- XY4
-- OCLCG
-- GRR
-- Z87
-- OCLCQ
-- OCLCA
-- OCLCF
-- OCLCO
-- OCLCQ
-- OCLCO
-- OCL
-- OCLCQ
-- MQ9
-- OCLCO
-- FEM
-- OCLCQ
-- LKC
-- XK4
-- JDP
-- OCLCQ
-- OCLCO
-- CHBRC
-- OCL
-- OCLCO
-- DLC
050 00 - LIBRARY OF CONGRESS CALL NUMBER
Classification number PZ7.M3567585
082 ## - DEWEY DECIMAL CLASSIFICATION NUMBER
Classification number 813.54
100 1# - MAIN ENTRY--PERSONAL NAME
Personal name Martin, Ann M.
Dates associated with a name 1955-
245 10 - TITLE STATEMENT
Title Karen's new year /
Statement of responsibility, etc. Ann M. Martin; illustrations by Susan Tang.
260 ## - PUBLICATION, DISTRIBUTION, ETC.
Place of publication, distribution, etc. New York :
Name of publisher, distributor, etc. Scholastic,
Date of publication, distribution, etc. 1991
300 ## - PHYSICAL DESCRIPTION
Extent 90 pages :
Dimensions 20 cm
Other physical details illustrations ;
490 1# - SERIES STATEMENT
Series statement Baby-sitters little sister ;
Volume/sequential designation 14
490 0# - SERIES STATEMENT
Series statement Little Apple
490 0# - SERIES STATEMENT
Series statement BabySitters
500 ## - GENERAL NOTE
General note "A Little Apple paperback."
505 ## - FORMATTED CONTENTS NOTE
Formatted contents note H <br/>
520 ## - SUMMARY, ETC.
Summary, etc. Karen starts the ball rolling on New Year's resolutions with her friends and later becomes the conscience of the group, reminding everyone of their failure to stick to their promises.
521 ## - TARGET AUDIENCE NOTE
Target audience note 440 <br/>
Source Lexile <br/>
521 ## - TARGET AUDIENCE NOTE
Target audience note H <br/>
Source Raz-Plus <br/>
650 #0 - SUBJECT ADDED ENTRY--TOPICAL TERM
Topical term or geographic name entry element Christmas stories.
650 #0 - SUBJECT ADDED ENTRY--TOPICAL TERM
Topical term or geographic name entry element Schools
Form subdivision Juvenile fiction.
655 #7 - INDEX TERM--GENRE/FORM
Genre/form data or focus term Children's stories.
Source of term lcsh
700 1# - ADDED ENTRY--PERSONAL NAME
Personal name Tang, Susan
Relator term illustrator
906 ## - LOCAL DATA ELEMENT F, LDF (RLIN)
a 7
b cbc
c copycat
d 2
e ncip
f 20
g y-genrareb
942 ## - ADDED ENTRY ELEMENTS (KOHA)
Source of classification or shelving scheme Dewey Decimal Classification
Koha item type Books
Suppress in OPAC No
999 ## -
-- 992
-- 992
Holdings
Withdrawn status Lost status Source of classification or shelving scheme Damaged status Not for loan Collection Home library Current library Shelving location Date acquired Total Checkouts Full call number Barcode Date last seen Date last checked out Price effective from Koha item type
    Dewey Decimal Classification     Juvenile Fiction Footprints International School Library Network Toul Kork Campus Footprints International School Library Network Toul Kork Campus   07/18/2023 3 MAR 813.54 PZ7.M3567585 FISBK00880 03/04/2024 02/26/2024 07/18/2023 Books